000
00185nam a22000857a 4500
020
_a
9788182520110
082
_a
K920
245
_a
UNTIRING THOMAS - TALES OF GREAT VALUES
942
_c
BK
999
_c
2902
_d
2902